000 00914nam a2200277 a 4500
001 24549
003 BD-RjUL
005 20211209001051.0
008 140313t1955 at ab 001 0 eng d
035 _a(BD-RjUL)24616
040 _aDLC
_beng
_cDLC
_dBD-RjUL
041 _aeng
082 0 4 _a994.05
082 0 4 _a940.5394
_bBUW 1955
100 1 _aButlin, S. J.
_q(Sydney James),
_d-1977.
_975549
245 1 0 _aWar economy, 1939-1942 /
_cby S.J. Butlin
260 _aCanberra :
_bAustralian War Memorial,
_c1955.
300 _axvii, 516 p., [8] p. of plates :
_bill. ;
_c24 cm.
490 1 _aAustralia in the war of 1939-1945. Series 4, Civil,
_vv. 3
504 _aincludes index.
650 0 _aWorld War, 1939-1945
_xEconomic aspects
_zAustralia
_975550
830 0 _vv. 3
_975561
830 0 _aAustralia in the war of 1939-1945.
_974853
942 _2ddc
_cBK
999 _c24549
_d24549